Crisis económica, vulnerabilidad social y estrategias frente al riesgo : (Registro nro. 5631)
[ vista simple ]
| 000 -LEADER | |
|---|---|
| fixed length control field | 01334nam a2200277Ia 4500 |
| 003 - CONTROL NUMBER IDENTIFIER | |
| control field | OSt |
| 005 - DATE AND TIME OF LATEST TRANSACTION | |
| control field | 20200715010924.0 |
| 008 - FIXED-LENGTH DATA ELEMENTS--GENERAL INFORMATION | |
| fixed length control field | 191128s2008 ck ab fr 000 0dspa d |
| 020 ## - INTERNATIONAL STANDARD BOOK NUMBER | |
| International Standard Book Number | 9789588095431 |
| 040 ## - CATALOGING SOURCE | |
| Original cataloging agency | CO-JMCR |
| Transcribing agency | CO-JMCR |
| 041 0# - LANGUAGE CODE | |
| Language code of text/sound track or separate title | spa |
| 082 04 - DEWEY DECIMAL CLASSIFICATION NUMBER | |
| Classification number | 338.54 / |
| Item number | M385c |
| Edition number | 23 |
| 100 1# - MAIN ENTRY--PERSONAL NAME | |
| Personal name | Martínez, Alberto, |
| Relator term | autor |
| 9 (RLIN) | 7272 |
| 245 10 - TITLE STATEMENT | |
| Title | Crisis económica, vulnerabilidad social y estrategias frente al riesgo : |
| Remainder of title | Cali, una experiencia para tener en cuenta / |
| Statement of responsibility, etc. | Alberto Martínez |
| 260 ## - PUBLICATION, DISTRIBUTION, ETC. | |
| Place of publication, distribution, etc. | Palmira : |
| Name of publisher, distributor, etc. | Universidad Nacional de Colombia, |
| Date of publication, distribution, etc. | 2008 |
| 300 ## - PHYSICAL DESCRIPTION | |
| Extent | 164 páginas : |
| Other physical details | ilustraciones y mapas a color ; |
| Dimensions | 24 cm. |
| 500 ## - GENERAL NOTE | |
| General note | Incluye datos biográficos del autor en la solapa. |
| 504 ## - BIBLIOGRAPHY, ETC. NOTE | |
| Bibliography, etc. note | Bibliografía: páginas 133-142 |
| 505 0# - FORMATTED CONTENTS NOTE | |
| Formatted contents note | Método de investigación -- Marco investigativo y objetivos -- Eventos críticos, estrategias y consecuencias -- Análisis conjunto a través de conglomerados |
| 520 3# - SUMMARY, ETC. | |
| Summary, etc. | En la presente investigación se aborda el análisis de la vulnerabilidad social y estrategias frente al riesgo en cinco comunidades de la ciudad de Cali pertenecientes a los estratos socioecónomicos 1,2 y 3. |
| 650 14 - SUBJECT ADDED ENTRY--TOPICAL TERM | |
| Topical term or geographic name entry element | Economía |
| Geographic subdivision | Colombia |
| 9 (RLIN) | 7273 |
| 650 14 - SUBJECT ADDED ENTRY--TOPICAL TERM | |
| Topical term or geographic name entry element | Crisis económica |
| 9 (RLIN) | 7274 |
| 650 14 - SUBJECT ADDED ENTRY--TOPICAL TERM | |
| Topical term or geographic name entry element | Ajuste estructural |
| 9 (RLIN) | 7275 |
| 650 14 - SUBJECT ADDED ENTRY--TOPICAL TERM | |
| Topical term or geographic name entry element | Condiciones económicas |
| 9 (RLIN) | 7276 |
| 942 ## - ADDED ENTRY ELEMENTS (KOHA) | |
| Source of classification or shelving scheme | Dewey Decimal Classification |
| Koha item type | Books |
| Withdrawn status | Lost status | Source of classification or shelving scheme | Damaged status | Not for loan | Collection code | Home library | Current library | Date acquired | Source of acquisition | Full call number | Barcode | Date last seen | Copy number | Koha item type |
|---|---|---|---|---|---|---|---|---|---|---|---|---|---|---|
| Dewey Decimal Classification | Non-fiction | Biblioteca Pública José María del Castillo y Rada | Biblioteca Pública José María del Castillo y Rada | 04/15/2018 | Donación | 338.54 / M385c | 430002712 | 05/16/2024 | Ej.1 | Books |